000 00672nam a2200241 a 4500
005 20210219153156.0
008 991125n 000 0 u
035 _aUPN01000082053
100 _aWagner, Tony
222 _aPHI DELTA KAPPAN
245 _aImproving high schools : the case for new goals and strategies
300 _a695-701
362 _a74, No. 9, 1993
505 _aOctubre 1993
653 0 _aACTITUDES DEL ESTUDIANTE
653 0 _aCAMBIO SOCIAL
653 0 _aCOMPROMISOS COMUNITARIOS
653 0 _aESTRATEGIAS DE CAMBIO
653 0 _aMEJORAMIENTO EDUCATIVO
653 0 _aVALORES DEMOCRATICOS
904 _aAC
_b019864
905 _aArticulo
999 _c70249
_d70249